000 00423nam a2200169 a 4500
001 0000-9204
003 ELIB.Books
008 110520 1976
035 _a(ELIB.Books)0000-9356
082 _a236.2
_bMye
100 _aMyers, John
245 _aVoices from the edge of eternity
260 _bNew Jersey: Spire Books
_c1976
650 _aSalvation
942 _2ddc
_cBK
998 _cbat
_e2011-05-20
999 _c9204
_d9204